Statystyki dla Słówka po angielsku - sportowcy

Kliknij tutaj aby rozwiązać quiz!

Ogólne statystyki

  • Ten quiz został rozwiązany 30 razy
  • Średni wynik to 8 z 13

Statystyki odpowiedzi

Obiekty sportoweSports facilities% Poprawnych
BiegaczRunner
90%
PływakSwimmer
90%
PiłkarzFootballer
72%
BramkarzGoalkeeper
72%
TenisistaTennis player
62%
NurekDiver
59%
Skoczek narciarskiSki jumper
55%
GimnastykGymnast
52%
NarciarzSkier
52%
RowerzystaCyclist
48%
LekkoatletaAthlete
38%
ŁyżwiarzIce skater
34%
ŻeglarzSailor
28%

Rozkład punktacji

Percentyl według liczby udzielonych odpowiedzi

Procent ludzi z każdym wynikiem

Twoja historia wyników

Nie rozwiązałeś tego quizu